General chemistry: an integrated approach (Record no. 4500)
[ view plain ]
| 000 -LEADER | |
|---|---|
| fixed length control field | 00500 a2200169 4500 |
| 020 ## - INTERNATIONAL STANDARD BOOK NUMBER | |
| International Standard Book Number | 013098471X |
| 040 ## - CATALOGING SOURCE | |
| Original cataloging agency | DLC |
| Language of cataloging | DLC |
| 082 ## - DEWEY DECIMAL CLASSIFICATION NUMBER | |
| Classification number | 540 |
| 100 ## - MAIN ENTRY--PERSONAL NAME | |
| Personal name | Hill, John William |
| 245 ## - TITLE STATEMENT | |
| Title | General chemistry: an integrated approach |
| Statement of responsibility, etc. | John W. Hill, Ralph H. Petrucci |
| 250 ## - EDITION STATEMENT | |
| Edition statement | 3rd |
| 260 ## - PUBLICATION, DISTRIBUTION, ETC. | |
| Place of publication, distribution, etc. | Upper Saddle River, N.J. : |
| Name of publisher, distributor, etc. | Prentice Hall, |
| Date of publication, distribution, etc. | c2002. |
| 300 ## - PHYSICAL DESCRIPTION | |
| Extent | xxvii, 1103, 77, 3, 16 p. : |
| Other physical details | ill. (some col.) ; |
| Dimensions | 26 cm. |
| 500 ## - GENERAL NOTE | |
| General note | Includes Index |
| 650 ## - SUBJECT ADDED ENTRY--TOPICAL TERM | |
| Topical term or geographic name entry element | Chemistry. |
| 942 ## - ADDED ENTRY ELEMENTS (KOHA) | |
| Koha item type | Book |
| Call number prefix | 540 HIL |
| Source of classification or shelving scheme | |
| Withdrawn status | Lost status | Damaged status | Not for loan | Collection code | Permanent Location | Current Location | Shelving location | Date acquired | Source of acquisition | Cost, normal purchase price | Total Checkouts | Full call number | Barcode | Date last seen | Price effective from | Koha item type | Date last checked out | Checked out | Total Renewals |
|---|---|---|---|---|---|---|---|---|---|---|---|---|---|---|---|---|---|---|---|
| Central Library (CL) | Central Library (CL) | General Stacks | 03/25/2005 | New Public Book | 8967.42 | 540 HIL | SEECS005498 | 12/05/2023 | 01/05/2017 | Book | |||||||||
| Central Library (CL) | Central Library (CL) | General Stacks | 03/25/2005 | New Public Book | 8967.42 | 3 | 540 HIL | SEECS005497 | 10/23/2024 | 01/05/2017 | Book | 09/23/2024 | |||||||
| Central Library (CL) | Central Library (CL) | General Stacks | 03/25/2005 | New Public Book | 8967.42 | 1 | 540 HIL | SEECS005496 | 09/14/2019 | 01/05/2017 | Book | 09/14/2019 | 10/14/2019 | ||||||
| Central Library (CL) | Central Library (CL) | General Stacks | 11/25/2006 | Academic Book Company | 8392.41 | 4 | 540 HIL | SEECS007802 | 12/30/2024 | 01/05/2017 | Book | 10/29/2024 | 1 |
